[Event "GER-ch Net blitz qual4"]
[Site "Playchess.com INT"]
[Date "2020.03.23"]
[Round "3"]
[White "Friemel, Reinhard"]
[Black "Rissmann, Ulrich"]
[Result "0-1"]
[WhiteElo "1615"]
[BlackElo "1878"]
[PlyCount "32"]
[EventDate "2020.03.23"]
[EventType "swiss (blitz)"]
[EventRounds "9"]
[EventCountry "GER"]
[SourceTitle "CBM 195 Extra"]
[Source "ChessBase"]
[SourceDate "2020.05.31"]
[SourceVersion "1"]
[SourceVersionDate "2020.05.31"]
[SourceQuality "1"]

1. e4 e5 2. Nf3 Nf6 3. Bc4 Nxe4 4. Qe2 d5 5. Bd3 Nc5 6. Qxe5+ Qe7 7. Qxe7+ Bxe7 8. Be2 Bf5 9. d3 Nc6 10. a3 0-0 11. b4 Ne6 12. Nc3 d4 13. Nd5 Bd6 14. h3 Rae8 15. Bf4 Nxf4 16. Nxf4 Bxf4 0-1

[Event "GER-ch Net blitz qual4"]
[Site "Playchess.com INT"]
[Date "2020.03.23"]
[Round "8"]
[White "Rissmann, Ulrich"]
[Black "Wolf, Christoph"]
[Result "1-0"]
[WhiteElo "1878"]
[BlackElo "1911"]
[PlyCount "45"]
[EventDate "2020.03.23"]
[EventType "swiss (blitz)"]
[EventRounds "9"]
[EventCountry "GER"]
[SourceTitle "CBM 195 Extra"]
[Source "ChessBase"]
[SourceDate "2020.05.31"]
[SourceVersion "1"]
[SourceVersionDate "2020.05.31"]
[SourceQuality "1"]

1. e4 e6 2. d4 d5 3. Nd2 c5 4. Ngf3 cxd4 5. exd5 Qxd5 6. Bc4 Qd8 7. Nb3 Nc6 8. Nbxd4 Nxd4 9. Qxd4 Qxd4 10. Nxd4 a6 11. Be3 Bd7 12. 0-0-0 Rc8 13. Bb3 Nf6 14. f3 Bc5 15. g4 h6 16. h4 Ke7 17. Rhe1 Bxd4 18. Bxd4 Bc6 19. g5 hxg5 20. hxg5 Nd5 21. Bxg7 Rh3 22. Bxd5 Bxd5 23. Rxd5 1-0

[Event "GER-ch Net blitz qual3"]
[Site "Playchess.com INT"]
[Date "2020.03.21"]
[Round "6"]
[White "Jansen, Dirk Norbert"]
[Black "Rissmann, Ulrich"]
[Result "0-1"]
[WhiteElo "2149"]
[BlackElo "1899"]
[PlyCount "80"]
[EventDate "2020.03.21"]
[EventType "swiss (blitz)"]
[EventRounds "9"]
[EventCountry "GER"]
[SourceTitle "CBM 195 Extra"]
[Source "ChessBase"]
[SourceDate "2020.05.31"]
[SourceVersion "1"]
[SourceVersionDate "2020.05.31"]
[SourceQuality "1"]

1. c4 Nf6 2. Nc3 d5 3. cxd5 Nxd5 4. g3 g6 5. Bg2 Nxc3 6. bxc3 Bg7 7. Rb1 0-0 8. c4 Nd7 9. d3 Rb8 10. Nf3 b6 11. 0-0 Bb7 12. Bb2 e5 13. Qc2 c5 14. a4 Qc7 15. Bc3 f5 16. Ne1 Bxg2 17. Nxg2 Rbe8 18. Ne3 Nf6 19. a5 f4 20. Nd5 Nxd5 21. cxd5 f3 22. axb6 axb6 23. Rfe1 Qd6 24. exf3 Rxf3 25. Re3 Rf5 26. Qb3 Ref8 27. Re2 Qf6 28. d6+ Kh8 29. f4 Qxd6 30. Bxe5 Bxe5 31. fxe5 Qd4+ 32. Kg2 h5 33. e6 Rf2+ 34. Rxf2 Qxf2+ 35. Kh1 Qf3+ 36. Kg1 Qe3+ 37. Kg2 Rf2+ 38. Kh3 g5 39. e7 g4+ 40. Kh4 Rxh2# 0-1

[Event "GER-ch Net blitz qual3"]
[Site "Playchess.com INT"]
[Date "2020.03.21"]
[Round "2"]
[White "Reichmann, Hendrik"]
[Black "Rissmann, Ulrich"]
[Result "1/2-1/2"]
[WhiteElo "2344"]
[BlackElo "1899"]
[PlyCount "92"]
[EventDate "2020.03.21"]
[EventType "swiss (blitz)"]
[EventRounds "9"]
[EventCountry "GER"]
[SourceTitle "CBM 195 Extra"]
[Source "ChessBase"]
[SourceDate "2020.05.31"]
[SourceVersion "1"]
[SourceVersionDate "2020.05.31"]
[SourceQuality "1"]

1. d4 Nf6 2. Bf4 g6 3. e3 Bg7 4. Nf3 d5 5. h3 0-0 6. Be2 b6 7. 0-0 Bb7 8. c4 dxc4 9. Bxc4 Nbd7 10. Nc3 c5 11. Nb5 a6 12. Nc3 b5 13. Be2 cxd4 14. exd4 Nd5 15. Nxd5 Bxd5 16. a4 b4 17. Qd2 a5 18. Rfc1 Rc8 19. Rxc8 Qxc8 20. Rc1 Qa8 21. Rc7 Nb6 22. Rxe7 Nxa4 23. Bb5 Bxf3 24. gxf3 Nxb2 25. Qxb2 Qxf3 26. Bg3 Qd1+ 27. Kg2 Qxd4 28. Qxd4 Bxd4 29. Bc4 a4 30. Rb7 Bc3 31. Bd6 Rd8 32. Bxf7+ Kg7 33. Bc4+ Kh6 34. Bxb4 Bxb4 35. Rxb4 Ra8 36. Ba2 a3 37. Kf3 Ra5 38. Rb3 Kg5 39. Kg3 Ra4 40. Rb5+ Kf6 41. Rb7 h6 42. Rb6+ Kg5 43. Bf7 a2 44. Rb5+ Kf6 45. Bxa2 Rxa2 46. Rb6+ Kf5 1/2-1/2

[Event "GER-ch Net blitz qual3"]
[Site "Playchess.com INT"]
[Date "2020.03.21"]
[Round "7"]
[White "Rissmann, Ulrich"]
[Black "Boschmann, Alexander"]
[Result "1-0"]
[WhiteElo "1899"]
[BlackElo "1792"]
[PlyCount "63"]
[EventDate "2020.03.21"]
[EventType "swiss (blitz)"]
[EventRounds "9"]
[EventCountry "GER"]
[SourceTitle "CBM 195 Extra"]
[Source "ChessBase"]
[SourceDate "2020.05.31"]
[SourceVersion "1"]
[SourceVersionDate "2020.05.31"]
[SourceQuality "1"]

1. e4 e5 2. Nf3 Nf6 3. Nc3 Nc6 4. Bb5 Nd4 5. Ba4 c6 6. 0-0 d6 7. h3 Be6 8. d3 h6 9. Nxd4 exd4 10. Ne2 b5 11. Bb3 c5 12. Bxe6 fxe6 13. f4 Be7 14. f5 exf5 15. Rxf5 0-0 16. Bd2 Qe8 17. Ng3 Qg6 18. Qf3 Nd7 19. Rf1 Ne5 20. Qf4 Rxf5 21. Nxf5 Bg5 22. Qf2 Rf8 23. Bxg5 Qxg5 24. Nxh6+ Qxh6 25. Qxf8+ Kh7 26. Qf5+ Ng6 27. Rf3 Qc1+ 28. Kh2 Kh6 29. Qg4 Qxc2 30. Rg3 Ne5 31. Qxg7+ Kh5 32. Qg5# 1-0

[Event "GER-ch Net blitz qual3"]
[Site "Playchess.com INT"]
[Date "2020.03.21"]
[Round "8"]
[White "Rissmann, Ulrich"]
[Black "Fenski, Matthias"]
[Result "1-0"]
[WhiteElo "1899"]
[BlackElo "1692"]
[PlyCount "119"]
[EventDate "2020.03.21"]
[EventType "swiss (blitz)"]
[EventRounds "9"]
[EventCountry "GER"]
[SourceTitle "CBM 195 Extra"]
[Source "ChessBase"]
[SourceDate "2020.05.31"]
[SourceVersion "1"]
[SourceVersionDate "2020.05.31"]
[SourceQuality "1"]

1. d4 Nf6 2. Nf3 e6 3. g3 d5 4. Bg2 Be7 5. 0-0 0-0 6. c4 c6 7. b3 b6 8. Bb2 Ba6 9. Nbd2 Nbd7 10. Qc2 Rc8 11. e4 Ne8 12. Rad1 g6 13. Qb1 Ng7 14. Rfe1 Re8 15. Ne5 Nxe5 16. dxe5 Bb4 17. a3 Bxd2 18. Rxd2 Qc7 19. exd5 cxd5 20. cxd5 exd5 21. Bxd5 Ne6 22. Bg2 Bb7 23. b4 Bxg2 24. Kxg2 Qb7+ 25. Qe4 Qxe4+ 26. Rxe4 Red8 27. Ree2 Kf8 28. f4 Ke7 29. Kf3 h5 30. h3 Rc7 31. Rxd8 Nxd8 32. g4 hxg4+ 33. hxg4 Rc4 34. Rd2 Ne6 35. Ke3 Rxf4 36. Rg2 Rc4 37. Rg3 b5 38. Kd3 Nf4+ 39. Ke3 Ke6 40. Bd4 Nd5+ 41. Kd3 a6 42. Rf3 Ne7 43. Rf6+ Kd7 44. Rxa6 Nc6 45. Bc5 Nxe5+ 46. Ke2 Nc6 47. Rb6 Rxg4 48. Rxb5 Nd4+ 49. Bxd4 Rxd4 50. Rb7+ Ke6 51. a4 g5 52. a5 Kd6 53. a6 Kc6 54. b5+ Kc5 55. a7 Ra4 56. b6 g4 57. Rb8 g3 58. a8Q Rxa8 59. Rxa8 Kxb6 60. Rg8 1-0

[Event "Ulm/Neu Ulm-ch"]
[Site "Ulm/Neu Ulm"]
[Date "2007.12.30"]
[Round "6"]
[White "Rissmann, Ulrich"]
[Black "Hoersch, Heiner"]
[Result "0-1"]
[WhiteElo "2059"]
[BlackElo "2016"]
[PlyCount "40"]
[EventDate "2007.09.21"]
[EventType "swiss"]
[EventRounds "7"]
[EventCountry "GER"]
[SourceTitle "EXT 2011"]
[Source "ChessBase"]
[SourceDate "2010.11.26"]
[SourceVersion "1"]
[SourceVersionDate "2010.11.26"]
[SourceQuality "1"]

1. d4 Nf6 2. Nc3 d5 3. Bg5 g6 4. Qd2 Bg7 5. f3 0-0 6. 0-0-0 c6 7. h4 Qa5 8. Kb1 Nbd7 9. e4 dxe4 10. fxe4 e5 11. dxe5 Nxe5 12. Nf3 Bg4 13. Be2 Rad8 14. Qf4 Rxd1+ 15. Rxd1 Nh5 16. Qd2 Ng3 17. Bd8 b6 18. Nxe5 Nxe2 19. Nxe2 Qxe5 20. Qc1 Bxe2 0-1

[Event "Ulm/Neu Ulm-ch"]
[Site "Ulm/Neu Ulm"]
[Date "2007.12.14"]
[Round "7"]
[White "Buehler, Juergen"]
[Black "Rissmann, Ulrich"]
[Result "0-1"]
[WhiteElo "1937"]
[BlackElo "2059"]
[PlyCount "95"]
[EventDate "2007.09.21"]
[EventType "swiss"]
[EventRounds "7"]
[EventCountry "GER"]
[SourceTitle "EXT 2011"]
[Source "ChessBase"]
[SourceDate "2010.11.26"]
[SourceVersion "1"]
[SourceVersionDate "2010.11.26"]
[SourceQuality "1"]

1. c4 Nf6 2. Nc3 d5 3. cxd5 Nxd5 4. d4 g6 5. e4 Nxc3 6. bxc3 Bg7 7. Bc4 c5 8. Ne2 0-0 9. 0-0 Nc6 10. Be3 cxd4 11. cxd4 Bg4 12. f3 Na5 13. Bd3 Be6 14. Qa4 a6 15. Nf4 Bd7 16. Qa3 Nc6 17. e5 e6 18. Rad1 Qe7 19. Qb2 Rab8 20. Qf2 Rfd8 21. h4 Nb4 22. Bb1 Bc6 23. h5 Nd5 24. Nxd5 Bxd5 25. Qg3 Rd7 26. Bg5 Qe8 27. Bf6 Bf8 28. f4 Rc8 29. f5 exf5 30. Rxf5 Be6 31. Rg5 Bh6 32. hxg6 fxg6 33. Rh5 Rc1 34. Rxc1 Bxc1 35. Rh4 Bb2 36. Qf2 Bc3 37. Qe3 Rc7 38. Qh6 Rd7 39. Kh1 b5 40. Be4 Qf7 41. Rf4 Bd2 42. Bc6 Rc7 43. d5 Bxf4 44. Qxf4 Bxd5 45. Bxd5 Qxd5 46. e6 Rc8 47. e7 Re8 48. Kh2 0-1

[Event "Ulm/Neu Ulm-ch"]
[Site "Ulm/Neu Ulm"]
[Date "2007.11.16"]
[Round "5"]
[White "Anistratov, Dmitrij"]
[Black "Rissmann, Ulrich"]
[Result "1-0"]
[WhiteElo "2314"]
[BlackElo "2059"]
[PlyCount "86"]
[EventDate "2007.09.21"]
[EventType "swiss"]
[EventRounds "7"]
[EventCountry "GER"]
[SourceTitle "EXT 2011"]
[Source "ChessBase"]
[SourceDate "2010.11.26"]
[SourceVersion "1"]
[SourceVersionDate "2010.11.26"]
[SourceQuality "1"]

1. Nf3 Nf6 2. g3 g6 3. b3 Bg7 4. Bb2 0-0 5. Bg2 d5 6. c4 Nbd7 7. cxd5 Nb6 8. 0-0 Nbxd5 9. d4 c6 10. Nbd2 h6 11. Ne5 Nd7 12. Ndc4 N5b6 13. Qc2 Nxc4 14. Nxc4 Nb6 15. Ne5 Nd7 16. Nd3 Nf6 17. e4 Bd7 18. Rfe1 Qc8 19. Nc5 Rd8 20. Nxd7 Nxd7 21. Rad1 e6 22. h4 Nb6 23. h5 g5 24. Re2 Qc7 25. a3 Rac8 26. b4 f6 27. Qb3 Qf7 28. g4 Rd7 29. Red2 Rcd8 30. a4 a6 31. Bc3 Nc8 32. Bf1 Nd6 33. f3 Kh8 34. Kg2 Qe8 35. Bd3 Re7 36. Bb1 Red7 37. e5 fxe5 38. dxe5 Nf7 39. Rxd7 Rxd7 40. Qc2 Kg8 41. Bd4 Bxe5 42. Qg6+ Kf8 43. Bc5+ Bd6 1-0

[Event "Ulm/Neu Ulm-ch"]
[Site "Ulm/Neu Ulm"]
[Date "2007.11.02"]
[Round "4"]
[White "Rissmann, Ulrich"]
[Black "Wolf, Rainer"]
[Result "1-0"]
[WhiteElo "2059"]
[BlackElo "1989"]
[PlyCount "67"]
[EventDate "2007.09.21"]
[EventType "swiss"]
[EventRounds "7"]
[EventCountry "GER"]
[SourceTitle "EXT 2011"]
[Source "ChessBase"]
[SourceDate "2010.11.26"]
[SourceVersion "1"]
[SourceVersionDate "2010.11.26"]
[SourceQuality "1"]

1. e4 d6 2. d4 g6 3. Nc3 Bg7 4. Be3 c6 5. Qd2 b5 6. h4 h5 7. f3 a6 8. Nh3 Nh6 9. Be2 Nd7 10. g4 hxg4 11. fxg4 Nb6 12. Nf2 Nc4 13. Bxc4 bxc4 14. Qe2 Qb6 15. g5 Ng8 16. Qxc4 Be6 17. Qa4 Bd7 18. Qb3 Qa7 19. 0-0-0 Rb8 20. Qa3 Bf8 21. Ne2 e6 22. c4 d5 23. c5 f5 24. exf5 exf5 25. Bf4 Rc8 26. Be5 Rh7 27. Nf4 Ne7 28. h5 Bg7 29. hxg6 Rxh1 30. Rxh1 Bxe5 31. dxe5 Kf8 32. e6 Be8 33. Qc3 Ng8 34. Rh7 1-0